| 000 | 00706nam a2200229 4500 | ||
|---|---|---|---|
| 001 | 44895 | ||
| 010 | _a978972401861 | ||
| 021 | _b291638/09 | ||
| 090 | _a44895 | ||
| 100 | _a20100923d2009 e y0pory5003 ba | ||
| 101 | 0 | _apor | |
| 102 | _aPT | ||
| 200 | 1 |
_aPoemas de Fernando Pessoa _eortónimo e heterónimos _eensino secundário _fcriacão intelectual Auxília Ramos, Zaida Braga |
|
| 210 | 9 |
_aPorto _cgrupo porto editora ,Ideias de Ler _d2009 |
|
| 215 |
_a64 p. _cil. _d25 cm |
||
| 225 | 2 | _aResumos | |
| 675 |
_a821.134.3-1Pessoa, Fernando.09(075.3) _vBN _zpor |
||
| 700 | 1 |
_aRamos, _bAuxília |
|
| 701 | 1 |
_aBraga, _bZaida _4070 |
|
| 702 | 1 |
_aPessoa, _bFernando, _f1888-1935 _4100 |
|
| 801 | 0 |
_aPT _bBN _gRPC |
|
| 990 | _cLIVROS | ||